00455nam a22001217a 4500020001600000082000800016100001900024245018900043260003300232300002700265650001600292700002500308 qHard Cover. a658 aKhalid, Rabiya aTo Study the Impact of Pablicity of Raids by Punjab Food Authority on the Brand Image of Loved food Brands with Customers:bA Study of Fast Food Chains in Twin Cities /cRabiya Khalid. aIslamabad:bNBS-NUST,c2016. a75 p. :bill. ;c30cm. aMBA-Thesis. aBilal Ahmad Chauhan.